Регионална библиотека "Любен Каравелов" - Русе

Акварели и рисунки в Государственном Русском музее (Запис номер 210275)

MARC детайли
000 -Лидер
Контролно поле с фиксирана дължина 01558nkm a2200385 c 4500
003 - Код на организацията, давaща контролен номер
Контролно поле BLK
005 - Дата и час на последна редакция
Контролно поле 20180421002027.0
008 - Елементи от данни с фиксирана дължина
fixed length control field 180412b bul rap|r|||| r0| ||bulo|
010 ## - Наследен системен номер
LC control number KNG00163801000
040 ## - Източник на каталожния запис
Идентификатор на билиотеката - собственик на записа BLK
041 ## - Код за език
Код за езика на текст/звукозапис или на отделно заглавие Руски
Код за езика КДБФ Руски
Други езици Английски
080 ## - УДК
Текстов определител УДК Водни бои. Акварелни бои
УДК код - определител по УДК 75.023.22
УДК определител :069
УДК - код + определител 75.023.22:069
080 ## - УДК
Текстов определител УДК Рисуване. Общи въпроси
УДК код - определител по УДК 741
УДК определител :069
УДК - код + определител 741:069
100 1# - Редна дума - Автор
Автор Пушкарев, Василий Алексеевич
Авторска отговорност първи автор
R(LIN) 352369
139 ## - Редно поле
Редна дума Пушкарев, Василий Алексеевич
Авторски знак Пуш - П 94
245 10 - Сведения за заглавието
Заглавие Акварели и рисунки в Государственном Русском музее
Подзаглавни данни XVIII - начало XX века
Редно поле (дума) Василий Алексеевич Пушкарев.
257 ## - Страна на издаване
Страна на създаване/издаване СССР
260 ## - Област на издателските данни
-- Москва
Име на издателя, разпространителя и проч. Изобраз. искусство
Година на издаване 1982
300 ## - Физическа характеристика
Страници XX с., 168 с., 12 с.
Илюстрации и др. с ил.
Размери/Мащаб 35 см
380 ## - Жанр
Жанр Изкуство
500 ## - Общи забележки
Забележка Именен показалец. - Списък на репрод. - 20 000 тир.
650 #4 - Допълнително описание по предмет – тема
Основно описание – тема или топоним Акварел - албуми
9 (RLIN) 281232
650 #4 - Допълнително описание по предмет – тема
Основно описание – тема или топоним Рисунка - албуми
9 (RLIN) 351548
653 ## - Ключова дума – ненормативна
Ключова дума акварели
653 ## - Ключова дума – ненормативна
Ключова дума рисунки
653 ## - Ключова дума – ненормативна
Ключова дума музеи
653 ## - Ключова дума – ненормативна
Ключова дума XVIII в.
653 ## - Ключова дума – ненормативна
Ключова дума XIX в.
653 ## - Ключова дума – ненормативна
Ключова дума XX в.
852 ## - Местоположение
Форматна сигнатура Цб Гр А ІІ 2933
856 4# - Електронен адрес и достъп
Електронен формат pdf - файл
Път до файла /url/
856 4# - Електронен адрес и достъп
Електронен формат pdf - файл
Път до файла /url/
942 ## - АРТИКУЛИ
Вид на библиотечния материал Графични издания
Скрит в OPAC Не
944 ## - СЪЗДАВАНЕ И РЕДАКЦИЯ на ЗАПИСА
Създаване/Редакция Създаване
Дата на регистрацията/редакция 25.07.2014
Статус, дата на статуса 25.07.2014 - от С1,Р / 25.07.2014
Служител, извършил регистрацията/редакцията Камелия_Данева
944 ## - СЪЗДАВАНЕ И РЕДАКЦИЯ на ЗАПИСА
Създаване/Редакция Редакция
Дата на регистрацията/редакция 25.07.2014
Статус, дата на статуса 25.07.2014 - от С1,Р / 25.07.2014
Служител, извършил регистрацията/редакцията
999 ## - СИСТЕМНИ КОНТРОЛНИ НОМЕРА
Koha biblionumber 210275
Koha biblioitemnumber 210275
Наличности
Код за отписване Код за изгубен артикул Източник на класификационната схема Код за повреда Коз за рестрикции Код за отдаване Артикулен № Име на библиотеката - собственик Име на библиотеката, в която се намира в момента Статус (Текущо местоположение) Дата на вписване в системата Местоположение - отдел Цена в лева Инвентарен номер Систематично азбучна сигнатура Баркод Номер на екземпляра Цена в евро Служебна бележка Служебен тип на артикула
Изтеглен Не е изгубен Universal Decimal Classification Не е повреден без рестрикции заемане за дома 361808 Регионална библиотека "Любен Каравелов" Русе Регионална библиотека "Любен Каравелов" Русе Отдел Изкуство - подръчен фонд 1982-01-01 Отдел Изкуство - подръчен фонд 6.80 373750 75/П 94 373750 1 3.48 Дост: Pk Вид: Ф N: стар фонд Дата: 01.01.1982 Дата инв: 03.06.2015 Бележки инв: ГрИ2015 Графични издания
  Не е изгубен Universal Decimal Classification Не е повреден без рестрикции заемане за дома 361809 Регионална библиотека "Любен Каравелов" Русе Регионална библиотека "Любен Каравелов" Русе Отдел Изкуство - подръчен фонд 1982-01-01 Отдел Изкуство - подръчен фонд 8.50 539920 75/П 94 120000539920 2 4.35 Дост: Pk Вид: Ф N: стар фонд Дата: 01.01.1982 Графични издания
Vip Innovations Ltd, Rousse, Bulgaria 2025